Sports Quiz

Random Sports or Football Quiz
Score 0/53 Timer 10:00
0 Plays Today
position Player % Correct
QBBen Roethlisberger
87.6%
SSTroy Polamalu
86.4%
WRHines Ward
86.3%
OLBJames Harrison
83.4%
TEHeath Miller
79.3%
RBRashard Mendenhall
79.1%
WRMike Wallace
78.8%
Q.BCharlie Batch
77.9%
FSRyan Clark,
76.3%
CBIke Taylor
75.6%
WRAntonio Brown
75.1%
NTCasey Hampton
70.9%
ILBJames Farrior
70.2%
OLBLaMarr Woodley
70%
CBWilliam Gay
64.2%
DEBrett Keisel
64.2%
DEAaron Smith
63.4%
LBLawrence Timmons
59.9%
WREmmanuel Sanders
59.5%
QBByron Leftwich
56%
LBLarry Foote
54.2%
KShaun Suisham
52.4%
RBIsaac Redman
52.2%
DEZiggy Hood
46.4%
RBMewelde Moore
42.9%
CBBryant McFadden
41.5%
TEMatt Spaeth
40.9%
position Player % Correct
TEDavid Johnson
38.3%
NTChris Hoke
33.7%
TFlozell Adams
33.5%
SWill Allen
32.2%
FSRyan Mundy
31.6%
RBJonathan Dwyer
30.3%
CDougm Legursky
28.8%
OLBJason Worilds
28.6%
GTrai Essex
26.4%
TRamon Foster
24.2%
CBKeenan Lewis
23.6%
GChris Kemoeatu
22.6%
LSGreg Warren
21%
ILBStevenson Sylvester
19.7%
OTChris Scott
17.8%
ILBKeyaron Fox
17.4%
WRArnaz Battle
17.3%
TJonathan Scott
17.2%
PJeremy Kapinos
16.6%
DTSteve McLendon
12.8%
DENick Eason
10.9%
CBCrezdon Butler
10.2%
WRAntwaan Randle El
9.8%
DBAnthony Madison
9.1%
TTony Hills
7.7%
OGDorian Brooks
4.1%
Come Together.
Have Fun.
All Virtual.
We all need to come together. Play Sporcle's virtual live trivia to have fun, connect with people, and get your trivia on. Join a live hosted trivia game for your favorite pub trivia experience done virtually. If a virtual private party is more your thing, go here for details.

You're not logged in!

Compare scores with friends on all Sporcle quizzes.
OR
Log In

Sporcle TV

Today on Sporcle TV


Watch our educational content, quiz creation guides, and fun videos on Sporcle TV.

Show Comments

Extras

Top Quizzes Today


Score Distribution

Paid Content

Your Account Isn't Verified!

In order to create a playlist on Sporcle, you need to verify the email address you used during registration. Go to your Sporcle Settings to finish the process.

Report this User

Report this user for behavior that violates our Community Guidelines.

Details: